00608nam a2200193Ia 4500008004100000020001500041082001600056100002400072245003300096250000800129260004100137300002900178500001900207600001500226650001500241942000700256952013600263999001500399240925s9999 xx 000 0 und d a9971514028 a658.404 WYS aRobert , K. Wysocki 0aEffective Project Management a2nd aNew York:bJohn Wiley & Sonsc,2002. axviii,938p.bNAfPirated aIncludes Index aManagement aManagement cBK 001040708MANaUITUbUITUd2004-03-05eParamount Book Pvt Ltdg539.97l0o658.404 WYSpQ5577r2024-09-25 07:13:54w2024-09-25yBK c8076d8076